Psychopatologie /

Hlavní autor: Záškodná, Helena
Jazyk: Čeština
Vydáno: Ostrava : Ostravská univerzita, Filozofická fakulta, 2005
Vydání: Vyd. 1.
Témata:
Externí odkaz: Digitalizovaný dokument
Fyzický popis: 72 s. ; 30 cm
Knihy
Uloženo v:
LEADER 01511nam a2200421 a 4500
001 nkc20061641465
003 CZ PrNK
005 20060329144930.0
007 ta
008 060207s2005 xr e p 000 0 cze
015 |a cnb001641465 
020 |a 80-7368-117-X  |q (brož.) :  |c Kč 95,00 
035 |a (OCoLC)83979102 
040 |a OLA001  |b cze 
072 7 |a 159.97  |x Psychopatologie  |2 Konspekt  |9 17 
072 7 |a 37.016  |x Učební osnovy. Vyučovací předměty. Učebnice  |2 Konspekt  |9 22 
080 |a 159.97  |2 MRF 
080 |a 616.89-008  |2 MRF 
080 |a (075.8)  |2 MRF 
100 1 |a Záškodná, Helena  |7 jn20001005730  |4 aut 
245 1 0 |a Psychopatologie /  |c Helena Záškodná 
250 |a Vyd. 1. 
260 |a Ostrava :  |b Ostravská univerzita, Filozofická fakulta,  |c 2005 
300 |a 72 s. ;  |c 30 cm 
500 |a 100 výt. 
504 |a Obsahuje bibliografie a bibliografické odkazy 
650 0 7 |a psychopatologie  |7 ph124819  |2 czenas 
650 0 7 |a duševní poruchy  |7 ph119647  |2 czenas 
650 0 9 |a psychopathology  |2 eczenas 
650 0 9 |a mental disorders  |2 eczenas 
655 7 |a učebnice vysokých škol  |7 fd133772  |2 czenas 
655 9 |a textbooks (higher)  |2 eczenas 
856 4 1 |u http://www.digitalniknihovna.cz/mzk/uuid/uuid:69e49b70-ff13-11e6-8830-005056827e51  |y Digitalizovaný dokument  |x NDK 
910 2 |a BOA001  |b 3-1162.892 
990 |a BK 
995 |a 01 
991 |b 200603  |c NOV 
996 6 |b 2610271406  |c 3-1162.892  |l MZK  |r Sklad / do 1 hodiny  |n 14  |p p.v.  |w 000808057  |u 000010  |a 1  |e BOA001  |j MZK50  |s P